Estudio de la teoria plastica en estructuras de acero

Furkejuvvon:
Bibliográfalaš dieđut
Váldodahkki: Matamoros Jurado, Edgar
Materiálatiipa: Dovdameahttun
Almmustuhtton: [San José , Costa Rica] 1981
Fáttát:
Fáddágilkorat: Lasit fáddágilkoriid
Eai fáddágilkorat, Lasit vuosttaš fáddágilkora!

MARC

LEADER 00000 a2200000 4500
003 001644
005 20221231143745.0
008 140114s981 cr a m 000 ||s d
040 |c cru CEDI 
090 |a TFG 1085 
100 |a Matamoros Jurado, Edgar  |9 15814 
245 |a Estudio de la teoria plastica en estructuras de acero 
260 |c 1981  |a [San José , Costa Rica] 
300 |a iii, 114 h : ilustraciones ; 27 cm  
500 |a Proyecto de graduación (ingeniero civil)--Universidad de Costa Rica. Facultad de Ingeniería. Escuela de Ingeniería Civil 
650 |x ESTRUCTURAS DE ACERO  |9 15815 
942 |c TFG 
999 |c 11342  |d 11342